Cuenta del Rector de la Universidad Católica de Valparaíso: año 1979

Salvato in:
Dettagli Bibliografici
Ente Autore: Universidad Católica de Valparaíso (Autore)
Natura: Libro
Lingua:spagnolo
Pubblicazione: Valparaíso Universidad Católica de Valparaíso 1979
Soggetti:
Tags: Aggiungi Tag
Nessun Tag, puoi essere il primo ad aggiungerne!!

MARC

LEADER 00000cam a2200000 a 4500
001 UCF7223
003 CL-VaPUC
008 130613e19790000CL |||||||||||||||||spa|d
082 0 4 |a 378.107  |b UNI  |2 21 
110 2 |a Universidad Católica de Valparaíso  |e author  |9 569234 
245 1 0 |a Cuenta del Rector de la Universidad Católica de Valparaíso: año 1979 
300 |a 40 p 
942 |c BK 
945 |d 20130613 00:00:00  |a dcastane 
260 |a Valparaíso  |b Universidad Católica de Valparaíso  |c 1979 
650 0 |a Universidades  |9 256317 
650 0 |a Universidades chilenas  |9 407335 
650 0 |a Educación superior   |9 223851 
583 |a last modification  |c 20130613 14:21:00  |k Rodrigo Vera 
999 |c 352128  |d 352126 
952 |0 0  |1 0  |4 0  |6 378_107000000000000_UNI_1979  |7 0  |8 X  |9 456679  |a FDOBUD  |b FDOBUD  |d 2019-11-22  |i 4977467  |o 378.107 UNI 1979  |p 4977467  |r 2019-11-22  |w 2019-11-22  |y BK_X  |k FHP